Humic substances : molecular details and applications in land and water conservation

Other Authors: Ghabbour, Elham A, Davies, Geoffrey
Published: New York: Taylor and Francis, 2005.
Subjects:
LEADER 00664cam a2200193 7i4500
001 0000050500
005 20090705090000.0
020 # 0 |a 1591690315  
090 0 0 |a S 592.8   |b .H8 2005 
245 0 0 |a Humic substances :   |b molecular details and applications in land and water conservation   |c edited by Elham A. Ghabbour, Geoffrey Davies. 
260 # # |a New York:   |b Taylor and Francis,   |c 2005. 
300 # # |a xviii, 268 p.:   |b ill.;   |c 24 cm.. 
650 0 0 |a Water chemistry  
650 0 0 |a Soils --   |x Humic acid content  
650 0 0 |a Soil chemistry  
650 0 0 |a Humus  
700 1 1 |a Ghabbour, Elham A  
700 1 1 |a Davies, Geoffrey  
999 |a 1100042991  |b Book  |c Open Shelf  |e KOLEKSI TERBUKA